Human Remains and Identification (Record no. 63111)
[ view plain ]
| 000 -LEADER | |
|---|---|
| fixed length control field | 01775nam a2200289Ii 4500 |
| 008 - FIXED-LENGTH DATA ELEMENTS--GENERAL INFORMATION | |
| fixed length control field | 221202s xx 000 0 und d |
| 245 #0 - TITLE STATEMENT | |
| Title | Human Remains and Identification |
| 246 ## - VARYING FORM OF TITLE | |
| Title proper/short title | Mass Violence, Genocide and the ‘Forensic Turn’ |
| 264 #1 - PRODUCTION, PUBLICATION, DISTRIBUTION, MANUFACTURE, AND COPYRIGHT NOTICE | |
| Place of production, publication, distribution, manufacture | Manchester |
| Name of producer, publisher, distributor, manufacturer | Manchester University Press |
| Date of production, publication, distribution, manufacture, or copyright notice | 2015 |
| 300 ## - PHYSICAL DESCRIPTION | |
| Extent | 1 online resource |
| 336 ## - CONTENT TYPE | |
| Content type term | text |
| Content type code | txt |
| Source | rdacontent |
| 337 ## - MEDIA TYPE | |
| Media type term | computer |
| Media type code | c |
| Source | rdamedia |
| 338 ## - CARRIER TYPE | |
| Carrier type term | online resource |
| Carrier type code | cr |
| Source | rdacarrier |
| 490 ## - SERIES STATEMENT | |
| Series statement | Human Remains and Violence |
| 520 ## - SUMMARY, ETC. | |
| Summary, etc. | Human Remains and Identification presents a pioneering investigation into the practices and methodologies used in the search for and exhumation of dead bodies resulting from mass violence. Previously absent from forensic debate, social scientists and historians here confront historical and contemporary exhumations with the application of social context to create an innovative and interdisciplinary dialogue, enlightening the political, social and legal aspects of mass crime and its aftermaths. Through a ground-breaking selection of international case studies, Human Remains and Identification argues that the emergence of new technologies to facilitate the identification of dead bodies has led to a forensic turn, normalising exhumations as a method of dealing with human remains en masse. However, are these exhumations always made for legitimate reasons? |
| 653 ## - INDEX TERM--UNCONTROLLED | |
| Uncontrolled term | Ethics |
| 653 ## - INDEX TERM--UNCONTROLLED | |
| Uncontrolled term | Genocide |
| 653 ## - INDEX TERM--UNCONTROLLED | |
| Uncontrolled term | History |
| 653 ## - INDEX TERM--UNCONTROLLED | |
| Uncontrolled term | Human Remains |
| 653 ## - INDEX TERM--UNCONTROLLED | |
| Uncontrolled term | Violence |
| 700 1# - ADDED ENTRY--PERSONAL NAME | |
| Personal name | 0000-0002-8106-5257 |
| 700 1# - ADDED ENTRY--PERSONAL NAME | |
| Personal name | 600 |
| 700 1# - ADDED ENTRY--PERSONAL NAME | |
| Personal name | Anstett, Élisabeth |
| 700 1# - ADDED ENTRY--PERSONAL NAME | |
| Personal name | Dreyfus, Jean-Marc |
| 856 ## - ELECTRONIC LOCATION AND ACCESS | |
| Uniform Resource Identifier | <a href="https://library.oapen.org/bitstream/20.500.12657/31415/1/628393.pdfhttp://library.oapen.org/handle/20.500.12657/31415">https://library.oapen.org/bitstream/20.500.12657/31415/1/628393.pdfhttp://library.oapen.org/handle/20.500.12657/31415</a> |
| 942 ## - ADDED ENTRY ELEMENTS (KOHA) | |
| Koha item type | E-Book |
| Withdrawn status | Damaged status | Not for loan | Home library | Current library | Date acquired | Total Checkouts | Date last seen | Price effective from | Koha item type |
|---|---|---|---|---|---|---|---|---|---|
| Directory of Open Access Books | Directory of Open Access Books | 11/28/2022 | 11/28/2022 | 11/28/2022 | E-Book |